Clic De quel souverain sont-ils les parents ? - Statistiques

Statistiques générales
  • Ce quiz a été pris 17 fois
  • Le résultat moyen est 7 sur 26
Statistiques - réponses
Hint Explanation Réponse % Correct
Elizabeth & Philip Royaume-Uni Charles III
80%
Juan Carlos & Sophie Espagne Felipe VI
73%
Rainier & Grace Monaco Albert II
67%
Akihito & Michiko Japon Naruhito
60%
Tupou & Nanasipau'u Tonga Tupou VI
47%
Claus & Béatrix Pays-Bas Willem-Alexander
47%
Hassan & Latifa Maroc Mohammed VI
40%
Rama & Sirikit Thaïlande Rama X
33%
Hussein & Antoinette Jordanie Abdallah II
27%
Gustave-Adolphe & Sibylle Suède Charles XVI Gustave
27%
Olav & Martha Norvège Harald V
27%
Sobhuza & Ntfombi Eswatini Mswati III
27%
Jigme Singye & Ashi Bhoutan Jigme Khesar
20%
Frédéric & Ingrid Danemark Margrethe II
20%
Albert & Paola Belgique Philippe
20%
Franz Joseph & Georgina Liechtenstein Hans-Adam II
13%
Abdelaziz & Hassa
Arabie Saoudite
Salmane
13%
Jean & Joséphine-Charlotte Luxembourg Henri
7%
Moshoeshoe II & Anna Lesotho Letsie III
7%
Ahmad 1er & Yamama Koweït Nawaf
7%
Sihanouk & Monineath Cambodge Sihamoni
7%
Ahmad & Tenghu Malaisie Abdullah
0%
Tariq & Shawana Oman Haïtham
0%
Issa & Hessa Bahreïn Hamed II
0%
Omar Ali & Damit Bruneï Hassanal Bolkiah
0%
Hamad & Moza Qatar Tamin
0%
Aucun quiz correspondant
Distribution des résultats
% des personnes avec chaque résultat
Percentile par nombre de réponses
Votre historique - résultats
Vous n’avez pas pris ce quiz